成田空港との定期便のある都市 - Statistics

General Stats
  • This quiz has been taken 12 times
  • The average score is 73 of 116
Answer Stats
地域 都市名 % Correct
日本 札幌(新千歳)
89%
大阪(関西)
89%
広島
89%
東アジア ソウル(仁川)
89%
釜山
89%
済州
89%
北京(首都)
89%
上海(浦東)
89%
香港
89%
台北(桃園)
89%
バンコク(スワンナプーム)
89%
バンコク(ドンムアン)
89%
クアラルンプール
89%
ロサンゼルス
89%
旭川
78%
大阪(伊丹)
78%
高松
78%
松山
78%
高知
78%
福岡
78%
長崎
78%
熊本
78%
鹿児島
78%
那覇
78%
武漢
78%
広州
78%
マカオ
78%
東南アジア マニラ
78%
ハノイ
78%
ホーチミン
78%
プノンペン
78%
シンガポール
78%
ジャカルタ
78%
南アジア ムンバイ
78%
フランクフルト
78%
アフリカ カイロ
78%
北米 トロント
78%
バンクーバー
78%
シカゴ
78%
サンフランシスコ
78%
パース
78%
名古屋(中部)
67%
大分
67%
宮崎
67%
奄美
67%
石垣
67%
大連
67%
ハルビン
67%
青島
67%
南京
67%
杭州
67%
深圳
67%
高雄
67%
ウランバートル
67%
セブ
67%
バンダルスリブガワン
67%
カトマンズ
67%
中央アジア タシケント
67%
西アジア ドバイ
67%
ドーハ
67%
ヨーロッパ イスタンブール
67%
ヘルシンキ
67%
ワルシャワ
67%
アムステルダム
67%
モントリオール
67%
ボストン
67%
ヒューストン
67%
シアトル
67%
オセアニア ホノルル
67%
グアム
67%
サイパン
67%
メルボルン
67%
オークランド
67%
大邱
56%
重慶
56%
コロンボ
56%
ウィーン
56%
ブリュッセル
56%
マドリード
56%
アディスアベバ
56%
デンバー
56%
サンディエゴ
56%
メキシコシティ
56%
ケアンズ
56%
天津
44%
西安
44%
成都(天府)
44%
福州
44%
厦門
44%
昆明
44%
ダナン
44%
デンパサール
44%
ベンガルール
44%
アブダビ
44%
テルアビブ
44%
カルガリー
44%
ニューアーク
44%
ダラス・フォートワース
44%
サンノゼ
44%
ブリスベン
44%
ナンディ
44%
パペーテ
44%
瀋陽
33%
長春
33%
寧波
33%
チューリッヒ
33%
モンテレイ
33%
コナ
33%
清州
22%
石家荘
22%
煙台
22%
鄭州
22%
長沙
22%
海口
22%
クラーク
22%
コロール
22%
No matching quizzes found
Score Distribution
Percent of People with Each Score
Percentile by Number Answered
Your Score History
You have not taken this quiz